000
00264nam a2200121Ia 4500
008
221030s9999 xx 000 0 und d
041
_a
English
100
_a
I. H. Sheth
245
0
_a
Abstract Algebra
_c
by I. H. Sheth
260
_c
0
650
_a
B
942
_c
BK
999
_c
14447
_d
14447